Pokédex en images : Épée et Bouclier - Couronneige - Statistiques

Statistiques générales
  • Ce quiz a été pris 11 fois
  • Le résultat moyen est 135 sur 210
Statistiques - réponses
Par images Réponse % Correct
Aquali
100%
Évoli
100%
Léviator
100%
Magicarpe
100%
Mélo
100%
Mélofée
100%
Pyroli
100%
Élektek
83%
Lucario
83%
Magmar
83%
Mélodelfe
83%
Noctali
83%
Nosferapti
83%
Phyllali
83%
Ronflex
83%
Voltali
83%
Absol
67%
Aéroptéryx
67%
Aflamanoir
67%
Altaria
67%
Amonistar
67%
Amonita
67%
Archéodong
67%
Archéomire
67%
Artikodin
67%
Balbuto
67%
Barbicha
67%
Bargantua
67%
Barloche
67%
Barpau
67%
Bétochef
67%
Blizzaroi
67%
Blizzi
67%
Cadoizo
67%
Carabing
67%
Carapagos
67%
Caratroc
67%
Carchacrok
67%
Carmache
67%
Chapotus
67%
Charpenti
67%
Cobaltium
67%
Cochignon
67%
Corvaillus
67%
Darumacho
67%
Darumarond
67%
Desséliande
67%
Diamat
67%
Dimoret
67%
Dolman
67%
Doudouvet
67%
Draby
67%
Drackhaus
67%
Draco
67%
Dracolosse
67%
Drakkarmin
67%
Drattak
67%
Électhor
67%
Élekable
67%
Élekid
67%
Embrylex
67%
Farfuret
67%
Fermite
67%
Funécire
67%
Galegon
67%
Galekid
67%
Galeking
67%
Galopa
67%
Givrali
67%
Goinfrex
67%
Golemastoc
67%
Grelaçon
67%
Griknot
67%
Grindur
67%
Gringolem
67%
Hexagel
67%
Kabuto
67%
Kabutops
67%
Kaimorse
67%
Lançargot
67%
Limaspeed
67%
Linéon
67%
Lippouti
67%
Lippoutou
67%
Lokhlass
67%
Lugulabre
67%
Maganon
67%
Magby
67%
Mammochon
67%
Marcacrin
67%
Méios
67%
Mentali
67%
Mesmerélla
67%
Métalosse
67%
Métang
67%
M.Glaquette
67%
Milobellus
67%
Mime Jr.
67%
Mimiqui
67%
Minidraco
67%
M.Mime
67%
Momartik
67%
Moumouflon
67%
Moumouton
67%
Mygavolt
67%
Mysdibule
67%
Nanméouïe
67%
Nidoking
67%
Nidoqueen
67%
Nidoran♀
67%
Nidoran♂
67%
Nidorina
67%
Nidorino
67%
Noacier
67%
Nosferalto
67%
Nostenfer
67%
Nucléos
67%
Nymphali
67%
Obalie
67%
Oniglali
67%
Ouvrifier
67%
Phogleur
67%
Polagriffe
67%
Polarhume
67%
Ponyta
67%
Ptéra
67%
Regice
67%
Regidrago
67%
Regirock
67%
Registeel
67%
Relicanth
67%
Riolu
67%
Rongourmand
67%
Rongrigou
67%
Solochi
67%
Sorbébé
67%
Sorbouboul
67%
Sorboul
67%
Spiritomb
67%
Stalgamin
67%
Statitik
67%
Sulfura
67%
Symbios
67%
Ténéfix
67%
Terhal
67%
Terrakium
67%
Trioxhydre
67%
Tylton
67%
Tyranocif
67%
Viridium
67%
Voltoutou
67%
Wattapik
67%
Wimessir
67%
Ymphect
67%
Zigzaton
67%
Amagara
50%
Angoliath
50%
Anorith
50%
Araqua
50%
Arkéapti
50%
Armaldo
50%
Bekaglaçon
50%
Beldeneige
50%
Bibichut
50%
Blancoton
50%
Bleuseille
50%
Blizzeval
50%
Brocélôme
50%
Bruyverne
50%
Charbi
50%
Charibari
50%
Dispareptil
50%
Dragmara
50%
Escargaume
50%
Fantyrm
50%
Farfaduvet
50%
Fourbelin
50%
Frissonille
50%
Fulgudog
50%
Grillepattes
50%
Grimalin
50%
Ixon
50%
Kaorine
50%
Lanssorien
50%
Lilia
50%
Mégapagos
50%
Mélancolux
50%
Minisange
50%
Monthracite
50%
Morpeko
50%
Pachyradjah
50%
Polthégeist
50%
Ptyranidur
50%
Regieleki
50%
Rexillius
50%
Scolocendre
50%
Scrutella
50%
Séracrawl
50%
Sidérella
50%
Sinistrail
50%
Sonistrelle
50%
Sorcilence
50%
Spectreval
50%
Strassie
50%
Sylveroy
50%
Tarenbulle
50%
Théffroi
50%
Tournicoton
50%
Vacilys
50%
Wagomine
50%
Aucun quiz correspondant
Distribution des résultats
% des personnes avec chaque résultat
Percentile par nombre de réponses
Votre historique - résultats
Vous n’avez pas pris ce quiz